| 000 | 00607nam a22002177a 4500 | ||
|---|---|---|---|
| 003 | OSt | ||
| 005 | 20210419080017.0 | ||
| 008 | 210303s1987 ||||| |||| 00| 0 eng d | ||
| 020 | _a0312902867 | ||
| 040 |
_aeng _beng _cDLC |
||
| 041 | _aeng | ||
| 080 |
_a821.111 _bC-59 |
||
| 100 |
_91226 _aClarke, B., E., T. |
||
| 245 |
_aMurder at Buckingham Palace _c/ by: St. Martin's Press |
||
| 260 |
_aNew York _bSt. Martin's Press _c1987 |
||
| 300 | _a158 p. | ||
| 365 | _b2.95 usd | ||
| 650 | 0 |
_9254 _aEnglish literature |
|
| 653 | _aინგლისური ლიტერატურა | ||
| 942 |
_2udc _cBK |
||
| 999 |
_c1882 _d1882 |
||